MDQL
is popping MORE tags! Check the
thread
!
Quizzes
Events
Quiz Creation
Community
Videos
Private Events
Remove Ads
Sign In
Join for FREE
Feedback
Dark Mode
Quiz Categories
Sports
Geography
Music
Movies
Television
Just For Fun
Miscellaneous
History
Literature
Language
Science
Gaming
Entertainment
Religion
Holiday
For Kids
Quiz Lab
Recent
Popular Today
Quiz Kudos Today
Editor Picks
Curator Picks
Quizzes by...
Day
Popularity
Type
Ratings
Length
Year
Community
Subscriptions
Recent Discussions
Orange Saloon
Badges
Playlists
Quests
Create
Leaderboards
Showdown
Live 5
Trivia Bingo
Activity
Puzzle Library
Sporcle Events
Private Events
Virtual Trivia
Globe League
Become a Host
Pub Owners
SporcleCon
Opinionation
Our Games
Videos
Blog
Mobile Apps
Partnerships
Remove Ads and Go Orange
Feedback
Entertainment
Celebrity
Famous
Musical
Broadway
Show
Quote
Comic Books
Anime
Superhero
DC Comics
Marvel
Cartoons
Animation
Entertainment
Celebrity
Famous
Musical
Broadway
Show
Quote
Comic Books
Anime
Superhero
DC Comics
Marvel
Cartoons
Animation
Random Quiz
Search Sporcle
×
Quiz Lab
Quiz Lab
Entertainment
Famous
Type in answers that appear in a list
Type in answers that appear in a list
Classic
Best Score? Go Orange.
Born in 1981 Stats
Can you name the famous people who will turn 30 this year?
By
Idgitator
12m
60 Questions
121 Plays
121 Plays
121 Plays
Comments
Comments
Give Quiz Kudos
Give Quiz Kudos
-
- Ratings
hide this ad
More Info
Replay
Link that replays current quiz
Next Quiz
Link to next quiz in quiz playlist
You Got
0%
They Got
Avg Score
31%
Avg Friend Score
Upgrade to see
Score Distribution
Jump to the score distribution portion of the page
Score
0/60
Timer
12:00
0
Plays Today
Hint
Person
% Correct
Destiny's Child breakout star who had the hits 'Crazy In Love' and 'Single Ladies'
Beyonce Knowles
85.1%
N Sync member who got his Sexyback
Justin Timberlake
82.6%
Won 2011 Best Actress Oscar for 'Black Swan'
Natalie Portman
76.9%
Hotel heiress, socialite and reality star
Paris Hilton
73.6%
Frodo Baggins in the Lord of the Rings trilogy
Elijah Wood
71.1%
Pop superstar with the hits 'Oops I Did It Again' and 'Toxic'
Britney Spears
69.4%
American Idol finalist who won an Oscar for her role in 'Dreamgirls'
Jennifer Hudson
60.3%
TVs 'Dark Angel' and the Fantastic Four's Invisible Woman
Jessica Alba
57%
Daughter of Commodores lead singer and star of TVs 'The Simple Life'
Nicole Richie
57%
Stars in '10 Things I Hate About You', 'Monal Lisa Smile' and as Nicky Parsons in the Bourne film series
Julia Stiles
55.4%
Randy Taylor on TVs 'Home Improvement' and the voice of Simba in 'Lion King'
Jonathan Taylor Thomas
54.5%
New York Giants Quarterback and Super Bowl XLII MVP
Eli Manning
53.7%
Reigning Wimbledon and Australian Open Womens champion
Serena Williams
52.1%
Destiny's Child singer who had the #1 hit 'Dilemma' with Nelly
Kelly Rowland
49.6%
Starred in 'Mysterious Skin', '(500) Days of Summer' and TVs '3rd Rock from the Sun'
Joseph Gordon-Levitt
46.3%
Russian tennis star perhaps more famous for her looks than tennis accomplishments
Anna Kournikova
45.5%
Socialite, fashion model and boardroom judge in her Dad's reality series
Ivanka Trump
44.6%
Deep voiced crooner of 'You Raise Me Up' and 'To Where You Are'
Josh Groban
43%
Swiss tennis star who held the ATP #1 position a record 237 consecutive wks
Roger Federer
38%
Lead singer of Evanescence
Amy Lee
36.4%
He was Lucas Scott on 'One Tree Hill' and Jake in 'Freaky Friday'
Chad Michael Murray
35.5%
Star Wars' Anakin Skywalker
Hayden Christensen
34.7%
She played Topanga on 'Boy Meets World'
Danielle Fishel
33.9%
TV's Rory Gilmore and star of 'Sisterhood of the Traveling Pants'
Alexis Bledel
33.1%
He played Johnny Storm/
The Human Torch in the 'Fantastic Four'
Chris Evans
32.2%
The O.C.'s Summer Roberts
Rachel Bilson
31.4%
British pop singer with the 2007 world wide hit 'Unwritten'
Natasha Bedingfield
31.4%
Wild haired Pittsburgh Steelers Strong Safety
Troy Polamalu
28.1%
Senegalese-
American R&B with the hits 'Smack That' and 'Don't Matter'
Akon
28.1%
Model and MTV reality star of 'A Shot at Love' dating show with her as the prize
Tila Tequila
26.4%
Hint
Person
% Correct
English actress who starred in 'Layer Cake', 'Alfie' and 'Factory Girl'
Sienna Miller
26.4%
Played Lucy Camden on TVs '7th Heaven'
Beverley Mitchell
24.8%
Texas Rangers slugger and 2010 AL MVP
Josh Hamilton
24%
R&B singer with the hits 'AM to PM' and 'Dip It Low'
Christina Milian
23.1%
Power hittng Minnesota Twins first baseman
Justin Morneau
21.5%
Singer-
songwriter had 2004 hit 'Collide'
Howie Day
20.7%
Former Detroit Tiger and current NY Yankee outfielder
Curtis Granderson
20.7%
Former Utah Jazz and current Chicago Bulls all-
star power forward
Carlos Boozer
20.7%
2007 NL Cy Young Award winner for the San Diego Padres
Jake Peavy
19.8%
He was DJ Conner on TVs 'Roseanne'
Michael Fishman
19.8%
Tempermental Chicago Cubs starting pitcher
Carlos Zambrano
19%
He was runner-
up to Jordin Sparks on American Idol season 6
Blake Lewis
18.2%
She starred as Meadow Soprano
Jamie-Lynn Sigler
16.5%
Tampa Bay Rays all-
time leader in at bats, RBIs, runs, stolen bases and hits
Carl Crawford
16.5%
British reality star from 'Big Brother' who passed away in 2009
Jade Goody
14.9%
Brazilian model best known as a Victoria's Secret Angel & as a spokesmodel for Maybelline
Adriana Lima
14.9%
Rapper who had hits with 'Hey Baby (Drop It to the Floor)' and 'Hotel Room Service'
Pitbull
13.2%
WWE wrestler and former Ring of Honor champ known as the American Dragon
Daniel Bryan
12.4%
Daughter of Don Ho who had the 2000 hit single 'Another Dumb Blonde'
Hoku
11.6%
He's Tim Riggins on 'Friday Night Lights' and Gambit in 'X-
Men Origins: Wolverine'
Taylor Kitsch
9.9%
Australian born star of the Seattle Storm and 3-
time WNBA MVP
Lauren Jackson
9.9%
He's Caspian X in The 'Chronicles of Narnia' films
Ben Barnes
9.9%
Mexican golfer who was the number one rated player on the LPGA tour from April 2007 -
May 2010
Lorena Ochoa
9.1%
He plays Jimmy Darmody in the HBO series 'Boardwalk Empire'
Michael Pitt
8.3%
Orlando Magic shooting guard and slam dunk champion
Jason Richardson
6.6%
US Women's Swimming champion and winner of 7 Olympic medals between 1996 and 2004
Amanda Beard
5.8%
Japanese actress nominated for a supporting actress Oscar in 2007 for her role in 'Babel'
Rinko Kikuchi
5.8%
First American test-
tube baby
Elizabeth Jordan Carr
5%
Plays Hayley James Scott on TVs 'One Tree Hill'
Bethany Joy Galeotti
4.1%
Rapper known for his singles 'Sunshine' and 'Rollin on 20's'
Lil' Flip
1.7%
Quiz Playlist
Details
Report
Send in Message
Add To Playlist
More Info:
http://www.nndb.com/lists/980/000105665/
Classic:
Type in answers that appear in a list
Quiz Source
Last Updated: Feb 16, 2017
Quiz Scoreboard
CHALLENGE
Sign Up to Join the Scoreboard
Show All
Scores
Hide
Comments
May contain spoilers
Recently Published
Find the 'City' Movie
by crazypaving
Movies
60s
5x2 Blitz: Bands
by SL_Kpop136
Music
30s
Colored Red Africa Blitz
by spor1
Geography
30s
More to Explore
Quiz From the Vault
Featured Blog Post
14 Easter Pick-up Lines to Find Eggs With
hide this ad
You Might Also Like...
Tags
Famous Quiz
1981
class
Person
Turn
Today's Top Quizzes in Entertainment
Browse Entertainment
hide this ad
Today's Top Quizzes in Famous
Browse Famous
Top Contributed Quizzes in Entertainment
1
Dragon Ball Z: Goku's Fights in Order
2
Marvel Classic Character Map
3
Marvel Characters Bunker
4
BOYS PLANET Quiz
5
Celebrity Spelling Bee
6
This is Your Life: Edward Elric
7
Survivor Winners Logic Quiz
8
This is Your Life: Itachi Uchiha
9
Dragon Ball Z: Immortal Characters
10
One Piece Heroines Chapter Cover
Explore More
Trending Topics
Harry Potter
Crossword
Disney
NBA
Anime
Kpop
Marvel
NFL
Song
Puzzle
WWE
Country
Soccer
The Office
Pokémon
hide this ad
More By:
Idgitator
Quiz
Plays
Rating
Category
Featured
Created
Famous Americans by Nickname
110,196
4.59
History
Jun 29, 2010
Charlie's Angels Actresses
16,018
4.29
Entertainment
Jul 31, 2010
Country Music #1's (1990-1994)
4,249
4.52
Music
Mar 19, 2011
Artists who've never had #1 Hot 100 hit
3,802
4.48
Music
Jun 28, 2010
44 'f' TV Shows
1,438
4.36
Television
Aug 1, 2010
Go to Creator's Profile
Score Distribution
Quiz Creator Spotlight
Idgitator
Follow
Send a Message
Quizzes Created
-
Created Quiz Play Count
-
More By This Creator
Popular Quizzes Today
1
Colored Red Africa Blitz
2
Find the US States - No Outlines Minefield
3
Find the 'City' Movie
4
5x2 Blitz: Bands
5
The Countries of the World
6
Find the US States
7
US States
8
9x9 Crossword: Cartoon Network
More Entertainment Quizzes
Neil Gaiman's Endless
Published
Trending Quizzes
Colored Red Europe Blitz I
Colored Red Europe Blitz II
Colored Red Africa Blitz II
Colored Red Europe Blitz III
Colored Red Africa Blitz III
Recently Updated
Godzilla Movies
pecheneg
Grab Bag: 4-10 Letters
pecheneg
2024 March Madness Bracket
pecheneg
Famous TV Couples
Peacemaker
Champions League XIs: Real Madrid
pecheneg
Largest US Cities 1790-2010
pecheneg
Rides in Walt Disney World
pecheneg
Most Oscar Losses (Acting)
pecheneg
Beyoncé Albums
pecheneg
Leaping Animals
pecheneg
Trending Topics
Marvel
Anime
Disney
Harry Potter
Crossword
Kpop
NBA
Puzzle
NFL
Country
Song
Pokémon
WWE
The Office
Soccer
Your Account Isn't Verified!
In order to create a playlist on Sporcle, you need to verify the email address you used during registration. Go to your
Sporcle Settings
to finish the process.
Report this User
Report this user for behavior that violates our
Community Guidelines
.
Details:
Send Report
Go to the Sporcle.com Mobile Site →
Comments